50 Biggest Cities in Mexico - Statistics

General Stats
  • This quiz has been taken 29 times
    7 since last reset
  • The average score is 24 of 50
Answer Stats
Population City % Correct
890.000 Cancún
100%
1.500.000 Ciudad Juarez
100%
1.400.000 Guadalajara
100%
1.600.000 León
100%
920.000 Merida
100%
850.000 Mexicali
100%
9.200.000 Mexico City
100%
1.100.000 Monterrey
100%
1.500.000 Puebla
100%
540.000 Veracruz
100%
660.000 Acapulco
83%
930.000 Chihuahua
83%
1.800.000 Tijuana
83%
860.000 Aguascalientes
67%
850.000 Hermosillo
67%
740.000 Morelia
67%
860.000 Saltillo
67%
850.000 San Luis Potosí
67%
910.000 Toluca
67%
690.000 Torreon
67%
1.300.000 Zapopan
67%
340.000 Cuernavaca
50%
810.000 Culiacan
50%
620.000 Durango
50%
1.600.000 Ecatepec
50%
440.000 Mazatlan
50%
690.000 Reynosa
50%
380.000 Celaya
33%
510.000 Matamoros
33%
1.100.000 Nezahualcóyotl
33%
420.000 Nuevo Laredo
33%
800.000 Queretaro
33%
370.000 Tepic
33%
450.000 Irapuato
17%
910.000 Naucalpan
17%
440.000 Tonala
17%
580.000 Tuxtla Gutierrez
17%
700.000 Chimalhuacan
0%
540.000 Ciudad Apodaca
0%
520.000 Ciudad Lopez Mateos
0%
520.000 Cuautitlan Izcalli
0%
450.000 General Escopedo
0%
640.000 Guadalupe
0%
370.000 Ixtapaluca
0%
400.000 Ojo de Agua
0%
410.000 San Nicolas de los Garza
0%
660.000 Tialneplanta
0%
650.000 Tiaquepaque
0%
380.000 Xico
0%
440.000 Xilapa-Enriquez
0%
No matching quizzes found
Score Distribution
Percent of People with Each Score
Percentile by Number Answered
Your Score History
You have not taken this quiz since the last reset